Le capitalisme monopoliste (Record no. 17933)

MARC details
000 -LEADER
campo de control de longitud fija 00911nam a2200265 i 4500
001 - NÚMERO DE CONTROL
campo de control 17933
003 - IDENTIFICADOR DE NÚMERO DE CONTROL
campo de control ES-MaACL
005 - FECHA Y HORA DE LA ÚLTIMA TRANSACCIÓN
campo de control 20230906151723.0
007 - CAMPO FIJO DE DESCRIPCIÓN FÍSICA--INFORMACIÓN GENERAL
campo de control de longitud fija t|
008 - DATOS DE LONGITUD FIJA--INFORMACIÓN GENERAL
campo de control de longitud fija 010625s1968 fr |||| | fre d
080 ## - NÚMERO DE LA CLASIFICACIÓN DECIMAL UNIVERSAL
Número de la Clasificación Decimal Universal 330.148
080 ## - NÚMERO DE LA CLASIFICACIÓN DECIMAL UNIVERSAL
Número de la Clasificación Decimal Universal 338.8(73)
100 1# - ENTRADA PRINCIPAL--NOMBRE DE PERSONA
Nombre de persona Baran, Paul A.
9 (RLIN) 25303
245 13 - MENCIÓN DEL TÍTULO
Título Le capitalisme monopoliste
Resto del título : un essai sur la société industrielle américaine /
Mención de responsabilidad, etc. Paul A. Baran, Paul M. Sweezy ; traduit de l'anglois par Christos Passadéos.
260 ## - PUBLICACIÓN, DISTRIBUCIÓN, ETC.
Lugar de publicación, distribución, etc. Paris :
Nombre del editor, distribuidor, etc. François Maspero,
Fecha de publicación, distribución, etc. 1968.
300 ## - DESCRIPCIÓN FÍSICA
Extensión 342 p. ;
Dimensiones 24 cm.
490 1# - MENCIÓN DE SERIE
Mención de serie Economie et socialisme ;
Designación de volumen o secuencia 11
650 14 - PUNTO DE ACCESO ADICIONAL DE MATERIA--TÉRMINO DE MATERIA
Término de materia o nombre geográfico como elemento de entrada Capitalismo.
9 (RLIN) 10760
650 14 - PUNTO DE ACCESO ADICIONAL DE MATERIA--TÉRMINO DE MATERIA
Término de materia o nombre geográfico como elemento de entrada Monopolios-
Subdivisión geográfica Estados Unidos.
9 (RLIN) 15172
700 1# - ENTRADA AGREGADA--NOMBRE PERSONAL
Nombre de persona Sweezy, Paul M.
9 (RLIN) 108935
700 1# - ENTRADA AGREGADA--NOMBRE PERSONAL
Nombre de persona Passadéos, Christos.
9 (RLIN) 89437
830 0# - PUNTO DE ACCESO ADICIONAL DE SERIE-TÍTULO UNIFORME
Título uniforme Economie et socialisme ;
Designación de volumen o secuencia 11
9 (RLIN) 180361
852 ## - LOCALIZACIÓN
Ubicación ES-MaACL
Número de control de estantería AND-41
Nota libre . - Biblioteca Juan Andrade
Holdings
Estatus retirado Estado de pérdida Estado de daño No para préstamo Biblioteca de origen Biblioteca actual Ubicación en estantería Fecha de adquisición Fuente de adquisición Total de préstamos Signatura topográfica completa Código de barras Visto por última vez Precio de reemplazo Tipo de ítem Koha
        Biblioteca del Ateneo de Madrid Biblioteca del Ateneo de Madrid Depósito 2 17/01/2008     AND-41 1018315 23/02/2023 23/02/2023 Libro impreso